| 000 | 01389nam a2200349 a 4500 | ||
|---|---|---|---|
| 001 | BRCA_8579 | ||
| 005 | 20190320210334.0 | ||
| 008 | 190816s1714----sp-#######---#000-0#lat-# | ||
| 041 | _alat | ||
| 044 | _asp | ||
| 050 | 4 |
_aAG2 _b.B78 _c1714 |
|
| 100 | 1 |
_aBravo, Bartholomaeo _921482 |
|
| 245 | 1 | 0 |
_aThesaurus hispano- latinu _bvtrivsqve lingv a dives opvm _cBartholomaeo Bravo. |
| 250 | _a2a ed. | ||
| 260 |
_aBarcelona _bRafael Figuero _c1714 |
||
| 300 |
_a518 p. _c21 cm |
||
| 500 | _aFondo antiguo | ||
| 500 | _aSe encuentra en Caja Fuerte | ||
| 500 | _aLM-14 | ||
| 500 | _aPortada con grabado xilográfico monograma de la sociedad de Jesús | ||
| 500 | _aSello en la portada perteneciente a Felipe S. Pullido Presbitero | ||
| 500 | _aCon dedicatoria: a la soberana reyna de los angeles María Santissima de la luz | ||
| 500 | _aCon licencia D. Petri de la Escalera Guevara | ||
| 500 | _aTexto impreso a dos columnas | ||
| 500 | _aContiene avisos para mejor aprovecharse de este tesauro | ||
| 500 | _aNota de encuadernación: en piel pergamino deteriorada de la tapa trasera, guarda anterior desprendida y lomo despegado | ||
| 506 | 0 | _aFondo reservado: para su consulta es necesario credencial de usuario y carta de motivos | |
| 650 | 1 | 4 |
_aLatín _vDiccionarios _xEspañol _96048 |
| 650 | 1 | 4 |
_aEspañol _vDiccionarios _xLatín _96049 |
| 902 | _aLAR | ||
| 942 |
_2lcc _cB |
||
| 999 |
_c8242 _d8242 |
||